Eina de gestió : quadre resum d'indicadors de Seguretat Alimentària Municipal : resultats any 2009 quadre resum d'indicadors de Seguretat Alimentària Municipal : resultats any 2009
Publicado:
Barcelona :
Diputació de Barcelona. Servei de Salut Pública : Diputació de Barcelona. Servei de Programació ,
2009
Descripción Física:
128 pàgines : taules ; 29 cm
Materias:
Seguretat alimentària -- Barcelona (Província)
; Seguretat alimentària -- Avaluació
; Salut pública -- Barcelona (Província)
Idioma:
Catalán
MARC
| LEADER | 00000nam a2200000uc 4500 | ||
|---|---|---|---|
| 001 | 1017107 | ||
| 008 | s2010||||sp ||||gr|||| ||| ||cat|d | ||
| 040 | |a BGR |b cat | ||
| 245 | 0 | 0 | |a Eina de gestió : |b quadre resum d'indicadors de Seguretat Alimentària Municipal : resultats any 2009 |
| 260 | |a Barcelona : |b Diputació de Barcelona. Servei de Salut Pública : |b Diputació de Barcelona. Servei de Programació : |c 2009 | ||
| 300 | |a 128 pàgines : |c taules ; |b 29 cm | ||
| 650 | 0 | |a Seguretat alimentària |9 53693 |z Barcelona (Província) | |
| 650 | 0 | |a Seguretat alimentària |x Avaluació |9 54131 | |
| 650 | 0 | |a Salut pública |x Barcelona (Província) |9 49942 | |
| 710 | |9 52202 |a Barcelona (Catalunya : Província). |b Servei de Salut Pública | ||
| 710 | |a Barcelona (Catalunya : Província). |b Servei de Programació |9 53631 | ||
| 942 | |c ARXIU |2 udc |n 1 | ||
| 952 | |0 0 |1 0 |4 0 |6 BIB887 |7 1 |9 63356 |a Arxiu |b Arxiu |d 2022-08-09 |l 0 |o Bib-887 |p 26416 |r 2022-08-09 00:00:00 |w 2022-08-09 |y ARXIU |z Donatiu BGR | ||
| 999 | |c 21278 |d 21278 | ||